[Event "AUT-chT2M 2021"]
[Site "Graz"]
[Date "2021.03.13"]
[Round "2.2"]
[White "Bachlechner, Julian"]
[Black "Kadric, Denis"]
[Result "0-1"]
[WhiteElo "2214"]
[BlackElo "2577"]
[PlyCount "64"]
[EventDate "2021.03.12"]
[EventType "team-tourn"]
[EventRounds "5"]
[EventCountry "AUT"]
[SourceTitle "CBM 201 Extra"]
[Source "ChessBase"]
[SourceDate "2021.05.31"]
[SourceVersion "1"]
[SourceVersionDate "2021.05.31"]
[SourceQuality "1"]
[WhiteTeam "Villach Admira"]
[BlackTeam "Pinggau Friedberg"]
[WhiteTeamCountry "AUT"]
[BlackTeamCountry "AUT"]

1. d4 d6 2. e4 Nf6 3. Nc3 Nbd7 4. Be3 e5 5. Nf3 c6 6. h3 b5 7. a3 Bb7 8. Bd3 a6 9. 0-0 g6 10. Re1 Bg7 11. Qd2 0-0 12. Bh6 Re8 13. Bxg7 Kxg7 14. Rad1 Qb6 15. Bf1 Rad8 16. b4 c5 17. d5 Rc8 18. Rc1 Rc7 19. Nd1 Rec8 20. Nb2 c4 21. c3 a5 22. Re3 axb4 23. axb4 Ra8 24. Rce1 Bc8 25. Nh4 Rca7 26. Rg3 Nf8 27. Bxc4 bxc4 28. Nxc4 Qd8 29. Qg5 h6 30. Nf5+ Bxf5 31. Qxf5 Rc7 32. Na5 Rxc3 0-1

[Event "AUT-ch Vor3 Internet"]
[Site "Playchess.com INT"]
[Date "2020.04.17"]
[Round "3"]
[White "Bachlechner, Julian"]
[Black "Kucharski, Michael"]
[Result "1-0"]
[WhiteElo "2214"]
[BlackElo "1948"]
[PlyCount "103"]
[EventDate "2020.04.17"]
[EventType "swiss (blitz)"]
[EventRounds "9"]
[EventCountry "AUT"]
[SourceTitle "CBM 195 Extra"]
[Source "ChessBase"]
[SourceDate "2020.05.31"]
[SourceVersion "1"]
[SourceVersionDate "2020.05.31"]
[SourceQuality "1"]

1. d4 d5 2. c4 c6 3. Nc3 Nf6 4. Nf3 dxc4 5. a4 Bf5 6. Ne5 Nbd7 7. Nxc4 Qc7 8. f3 e5 9. e4 exd4 10. Qxd4 Be6 11. Bg5 Bc5 12. Qd2 h6 13. Bf4 Qd8 14. Nd6+ Bxd6 15. Bxd6 Nb6 16. Rd1 Nc8 17. Be5 Qxd2+ 18. Rxd2 Ne7 19. Bxf6 gxf6 20. Be2 Rd8 21. Rxd8+ Kxd8 22. Kf2 Kc7 23. Rd1 Rd8 24. Rxd8 Kxd8 25. Ke3 Kc7 26. Kf4 Ng6+ 27. Ke3 a6 28. f4 Ne7 29. f5 Bd7 30. Bc4 b5 31. Bxf7 b4 32. Ne2 Kd6 33. b3 c5 34. Nf4 Ke5 35. Nd3+ Kd6 36. Nb2 Nc6 37. Nc4+ Ke7 38. Bd5 Nb8 39. Nb6 Bc6 40. Be6 Be8 41. Nd5+ Kd8 42. Nxf6 Bc6 43. g4 a5 44. h4 Be8 45. g5 hxg5 46. hxg5 Nc6 47. Kf4 Nd4 48. Bc4 Ke7 49. Nxe8 Kxe8 50. f6 Nc2 51. g6 Na3 52. g7 1-0

[Event "Lienz op 20th"]
[Site "Lienz"]
[Date "2019.02.10"]
[Round "2"]
[White "Bachlechner, Julian"]
[Black "Xiang, Zeyu"]
[Result "1/2-1/2"]
[WhiteElo "2112"]
[BlackElo "2436"]
[PlyCount "79"]
[EventDate "2019.02.09"]
[EventType "swiss"]
[EventRounds "9"]
[EventCountry "AUT"]
[SourceTitle "CBM 188 Extra"]
[Source "ChessBase"]
[SourceDate "2019.02.26"]
[SourceVersion "1"]
[SourceVersionDate "2019.02.26"]
[SourceQuality "1"]

1. d4 Nf6 2. c4 g6 3. Nc3 d5 4. cxd5 Nxd5 5. e4 Nxc3 6. bxc3 Bg7 7. Bc4 c5 8. Ne2 Qa5 9. 0-0 Nd7 10. Be3 0-0 11. Qd2 Rd8 12. Rfd1 Nb6 13. Bb3 cxd4 14. cxd4 Qxd2 15. Rxd2 Bd7 16. Rc1 Rac8 17. Rdc2 Rxc2 18. Rxc2 Bb5 19. Nc3 Bd3 20. Rd2 Bc4 21. Na4 Bxb3 22. axb3 Nxa4 23. bxa4 Rc8 24. f3 Kf8 25. a5 Ke8 26. Kf2 Kd7 27. Ke2 Rc4 28. Rb2 Kc8 29. Kd3 Rc6 30. Rc2 Rxc2 31. Kxc2 Kc7 32. Kb3 e6 33. Kc4 Bf8 34. g4 Be7 35. h3 Bd8 36. d5 Kd7 37. Bxa7 Bxa5 38. Bd4 Bc7 39. Bc5 Bd8 40. Bb4 1/2-1/2

[Event "Lienz op 20th"]
[Site "Lienz"]
[Date "2019.02.09"]
[Round "1"]
[White "Zhang, Ziji"]
[Black "Bachlechner, Julian"]
[Result "1/2-1/2"]
[WhiteElo "2406"]
[BlackElo "2112"]
[PlyCount "68"]
[EventDate "2019.02.09"]
[EventType "swiss"]
[EventRounds "9"]
[EventCountry "AUT"]
[SourceTitle "CBM 188 Extra"]
[Source "ChessBase"]
[SourceDate "2019.02.26"]
[SourceVersion "1"]
[SourceVersionDate "2019.02.26"]
[SourceQuality "1"]

1. d4 Nf6 2. c4 e6 3. Nc3 Bb4 4. Nf3 b6 5. Bg5 Bb7 6. Nd2 d5 7. Qa4+ Nc6 8. cxd5 exd5 9. e3 0-0 10. Bb5 Bxc3 11. bxc3 Na5 12. 0-0 Qd6 13. Nb3 Nxb3 14. axb3 Ne4 15. Bf4 Qe7 16. Rfc1 c5 17. dxc5 Nxc5 18. Qa3 Qf6 19. Ra2 Qg6 20. Bg3 Rac8 21. Rac2 a6 22. Bf1 Rfe8 23. Qa2 Nd3 24. Bxd3 Qxd3 25. Qa4 Qe4 26. Qd4 Qxd4 27. cxd4 Rxc2 28. Rxc2 Rc8 29. Rc7 Rxc7 30. Bxc7 b5 31. Kf1 Kf8 32. Ke2 Ke8 33. Kd3 Kd7 34. Ba5 f5 1/2-1/2

[Event "Feffernitz op 26th"]
[Site "Feffernitz"]
[Date "2017.08.20"]
[Round "1"]
[White "Tscharnuter, Alexandra"]
[Black "Bachlechner, Julian"]
[Result "0-1"]
[WhiteElo "1716"]
[BlackElo "2129"]
[PlyCount "75"]
[EventDate "2017.08.20"]
[EventType "swiss"]
[EventRounds "9"]
[EventCountry "AUT"]
[SourceTitle "CBM 180 Extra"]
[Source "ChessBase"]
[SourceDate "2017.10.06"]
[SourceVersion "1"]
[SourceVersionDate "2017.10.06"]
[SourceQuality "1"]

1. e4 d6 2. d4 Nf6 3. Nc3 g6 4. Bc4 Bg7 5. Nge2 0-0 6. 0-0 c6 7. f3 b5 8. Bb3 Nbd7 9. Be3 a5 10. a3 Ba6 11. Nf4 b4 12. Nce2 Nb6 13. Bf2 a4 14. Ba2 bxa3 15. bxa3 Nc4 16. Bxc4 Bxc4 17. Rb1 Rb8 18. Qd2 Bh6 19. Qc3 Bb5 20. Nd3 Nd7 21. Rb2 Nb6 22. Rd1 Qd7 23. Ng3 Bg7 24. Rbb1 h5 25. e5 h4 26. Ne4 h3 27. Bg3 Nc4 28. Nb4 hxg2 29. Kxg2 Rbd8 30. exd6 exd6 31. Re1 Rfe8 32. Nd2 Nxd2 33. Qxd2 Rxe1 34. Rxe1 c5 35. Nd5 cxd4 36. Re7 Qc6 37. Nb4 Qc4 38. Qf4 0-1

[Event "Lienz op 19th"]
[Site "Lienz"]
[Date "2017.02.11"]
[Round "1"]
[White "Bachlechner, Julian"]
[Black "Esen, Baris"]
[Result "0-1"]
[WhiteElo "2119"]
[BlackElo "2528"]
[PlyCount "116"]
[EventDate "2017.02.11"]
[EventType "swiss"]
[EventRounds "9"]
[EventCountry "AUT"]
[SourceTitle "CBM 176 Extra"]
[Source "ChessBase"]
[SourceDate "2017.03.02"]
[SourceVersion "1"]
[SourceVersionDate "2017.03.02"]
[SourceQuality "1"]

1. d4 Nf6 2. Bg5 e6 3. Nf3 c5 4. e3 cxd4 5. exd4 b6 6. Bd3 Be7 7. 0-0 Bb7 8. Nbd2 d6 9. c3 Nbd7 10. Qe2 a6 11. Ne4 Nxe4 12. Bxe4 Bxe4 13. Qxe4 0-0 14. Bxe7 Qxe7 15. Rfe1 Nf6 16. Qd3 b5 17. a4 Qb7 18. axb5 axb5 19. h3 h6 20. Nd2 Qc6 21. Nb3 Nd5 22. g3 Ra4 23. Na5 Qb6 24. Rxa4 bxa4 25. Nc4 Qa6 26. Ra1 Rc8 27. b3 Nb6 28. Qf1 d5 29. Nxb6 Qxb6 30. bxa4 Rxc3 31. Qd1 Qa5 32. Qe1 Qb4 33. a5 Qxd4 34. a6 Rc7 35. Qa5 Ra7 36. Rc1 e5 37. Rc5 Qd1+ 38. Kg2 e4 39. Rxd5 Qf3+ 40. Kg1 e3 41. fxe3 Qxg3+ 42. Kf1 Qf3+ 43. Kg1 Qxe3+ 44. Kh2 Qf2+ 45. Kh1 Qf1+ 46. Kh2 Rxa6 47. Qd8+ Kh7 48. Rd2 Ra3 49. Qd7 Qf4+ 50. Kh1 Ra1+ 51. Kg2 Qf1+ 52. Kg3 Qg1+ 53. Kf3 Ra3+ 54. Ke4 Qe3+ 55. Kf5 Qg5+ 56. Ke4 Re3+ 57. Kd4 Qe5+ 58. Kc4 Rc3+ 0-1

[Event "AUT-ch U18"]
[Site "St Veit"]
[Date "2016.03.21"]
[Round "3"]
[White "Bachlechner, Julian"]
[Black "Schwab, Lukas"]
[Result "1/2-1/2"]
[WhiteElo "2015"]
[BlackElo "2080"]
[PlyCount "103"]
[EventDate "2016.03.20"]
[EventType "swiss"]
[EventRounds "7"]
[EventCountry "AUT"]
[SourceTitle "CBM 171 Extra"]
[Source "ChessBase"]
[SourceDate "2016.04.26"]
[SourceVersion "1"]
[SourceVersionDate "2016.04.26"]
[SourceQuality "1"]

1. d4 d5 2. c4 dxc4 3. e4 e5 4. Nf3 Bb4+ 5. Bd2 Bxd2+ 6. Nbxd2 exd4 7. Bxc4 Nc6 8. Nb3 Bg4 9. Nbxd4 Nxd4 10. Qxd4 Qxd4 11. Nxd4 0-0-0 12. Nc2 Nf6 13. f3 Be6 14. Bxe6+ fxe6 15. Ke2 Nd7 16. Nd4 Rhe8 17. Rac1 a6 18. Rhd1 Kb8 19. Rd2 Re7 20. Rcd1 Kc8 21. Ke3 Ne5 22. b3 Nf7 23. g4 g6 24. h4 Rf8 25. Rg1 Ne5 26. f4 Nd7 27. Ne2 Rg7 28. e5 Nb6 29. Nc3 Rgf7 30. Rd4 c6 31. Rc1 Rd7 32. Rcd1 Nd5+ 33. Nxd5 cxd5 34. Rc1+ Rc7 35. Rxc7+ Kxc7 36. Rd1 Kd7 37. Rc1 Rc8 38. Rxc8 Kxc8 39. Kd4 Kd7 40. f5 gxf5 41. gxf5 exf5 42. Kxd5 Ke7 43. e6 f4 44. Ke4 Kxe6 45. Kxf4 Kf6 46. Ke4 Kg6 47. Kf4 a5 48. a4 b6 49. Kg4 h5+ 50. Kf4 Kf6 51. Ke4 Ke6 52. Kf4 1/2-1/2

[Event "AUT-ch U16"]
[Site "St Veit"]
[Date "2015.03.31"]
[Round "5.7"]
[White "Bachlechner, Julian"]
[Black "Windhager, Hannes"]
[Result "1/2-1/2"]
[WhiteElo "1964"]
[BlackElo "2190"]
[PlyCount "118"]
[EventDate "2015.03.29"]
[EventType "swiss"]
[EventRounds "7"]
[EventCountry "AUT"]
[SourceTitle "EXT 2024"]
[Source "ChessBase"]
[SourceDate "2023.10.10"]
[SourceVersion "1"]
[SourceVersionDate "2023.10.10"]
[SourceQuality "1"]

1. d4 Nf6 2. c4 g6 3. Nc3 Bg7 4. e4 d6 5. Nf3 0-0 6. h3 e5 7. d5 a5 8. Be2 Na6 9. Bg5 Qe8 10. Nd2 Nc5 11. g4 Bd7 12. h4 Qe7 13. Be3 Ne8 14. h5 b6 15. Nf1 c6 16. Ng3 Nc7 17. Qd2 cxd5 18. cxd5 a4 19. Rg1 f6 20. Nf5 gxf5 21. gxf5 Kh8 22. h6 Bxh6 23. Bxh6 Rg8 24. 0-0-0 b5 25. Be3 b4 26. Bxc5 bxc3 27. bxc3 Nb5 28. Bxb5 Bxb5 29. Bb4 Rxg1 30. Rxg1 Rg8 31. Rh1 Rg4 32. f3 Rg5 33. f4 Rg3 34. Qf2 exf4 35. Qxf4 Qg7 36. Qxd6 Qg5+ 37. Kb1 Bd3+ 38. Kb2 Bxe4 39. Qf8+ Qg8 40. Qxf6+ Qg7 41. Qd8+ Qg8 42. Qxg8+ Kxg8 43. Rd1 Bxf5 44. d6 Bd7 45. Re1 Rg2+ 46. Ka3 h5 47. Bc5 h4 48. Rg1 h3 49. Kb4 Kf7 50. Rxg2 hxg2 51. Bg1 Ke6 52. Kc5 Bc8 53. a3 Bd7 54. c4 Be8 55. Bh2 Bd7 56. Kb6 g1Q+ 57. Bxg1 Kxd6 58. Bh2+ Ke6 59. Kc7 Be8 1/2-1/2

[Event "AUT-chT 1415"]
[Site "Austria"]
[Date "2015.03.21"]
[Round "11.6"]
[White "Reichmann, Egon"]
[Black "Bachlechner, Julian"]
[Result "0-1"]
[WhiteElo "2279"]
[BlackElo "1959"]
[PlyCount "26"]
[EventDate "2014.11.20"]
[EventType "team-tourn"]
[EventRounds "11"]
[EventCountry "AUT"]
[SourceTitle "EXT 2016"]
[Source "ChessBase"]
[SourceDate "2015.10.08"]
[SourceVersion "1"]
[SourceVersionDate "2015.10.08"]
[SourceQuality "1"]
[WhiteTeam "Wolfsberg"]
[BlackTeam "Raika Feffernitz"]
[WhiteTeamCountry "AUT"]
[BlackTeamCountry "AUT"]

1. d4 Nf6 2. Nf3 d5 3. c4 c6 4. Nc3 dxc4 5. a4 Bf5 6. Ne5 e6 7. f3 Bb4 8. e4 Bxe4 9. fxe4 Nxe4 10. Qf3 Qxd4 11. Qxf7+ Kd8 12. Qxg7 Bxc3+ 13. bxc3 Qf2+ 0-1

[Event "AUT-chT 1415"]
[Site "Austria"]
[Date "2015.03.20"]
[Round "10.1"]
[White "Bachlechner, Julian"]
[Black "Schueller, Ernst"]
[Result "1/2-1/2"]
[WhiteElo "1959"]
[BlackElo "2203"]
[PlyCount "105"]
[EventDate "2014.11.20"]
[EventType "team-tourn"]
[EventRounds "11"]
[EventCountry "AUT"]
[SourceTitle "EXT 2016"]
[Source "ChessBase"]
[SourceDate "2015.10.08"]
[SourceVersion "1"]
[SourceVersionDate "2015.10.08"]
[SourceQuality "1"]
[WhiteTeam "Raika Feffernitz"]
[BlackTeam "Grieskirchen/Schallerbach"]
[WhiteTeamCountry "AUT"]
[BlackTeamCountry "AUT"]

1. d4 Nf6 2. c4 c6 3. Nf3 g6 4. g3 Bg7 5. Bg2 0-0 6. 0-0 d6 7. Nc3 Qc7 8. e4 Bg4 9. Be3 e5 10. Qd2 Bxf3 11. Bxf3 Nbd7 12. d5 a6 13. b4 cxd5 14. Nxd5 Nxd5 15. cxd5 f5 16. Rac1 Qd8 17. Bg5 Nf6 18. Rc4 Rc8 19. Rfc1 Qd7 20. Rxc8 Rxc8 21. Rxc8+ Qxc8 22. Bxf6 Bxf6 23. exf5 Qxf5 24. Bd1 Bd8 25. Bc2 Qc8 26. Bd3 Bb6 27. Qc2 Qg4 28. Be4 Kg7 29. Kg2 Qd7 30. h4 Kh8 31. Qd3 a5 32. bxa5 Bxa5 33. Qe3 Bd8 34. Qh6 Qg7 35. Qxg7+ Kxg7 36. Kf3 h5 37. Bd3 Kh6 38. Ke4 Bb6 39. f4 exf4 40. Kxf4 Bf2 41. Be2 Be1 42. Bd3 Kg7 43. Be2 Kf6 44. Bd3 Bd2+ 45. Ke4 g5 46. hxg5+ Kxg5 47. Kf3 Be1 48. Bb5 Kf6 49. Be8 Ke5 50. Bxh5 Kxd5 51. Ke2 Bxg3 52. Bf3+ Kc5 53. Bxb7 1/2-1/2

[Event "Lienz op-A 18th"]
[Site "Lienz"]
[Date "2015.02.10"]
[Round "5"]
[White "Steiner, Karl"]
[Black "Bachlechner, Julian"]
[Result "1/2-1/2"]
[WhiteElo "2039"]
[BlackElo "2002"]
[PlyCount "113"]
[EventDate "2015.02.07"]
[EventType "swiss"]
[EventRounds "9"]
[EventCountry "AUT"]
[SourceTitle "CBM 164 Extra"]
[Source "ChessBase"]
[SourceDate "2015.03.02"]
[SourceVersion "1"]
[SourceVersionDate "2015.03.02"]
[SourceQuality "1"]

1. b3 d5 2. Bb2 Nf6 3. f4 c5 4. Nf3 Nc6 5. e3 Bg4 6. Be2 e6 7. Na3 Bd6 8. c4 0-0 9. 0-0 Re8 10. Nb5 Bb8 11. cxd5 exd5 12. Qc1 a6 13. Nc3 d4 14. Na4 Ba7 15. h3 dxe3 16. Bxf6 Qxf6 17. hxg4 exd2 18. Qxd2 Rad8 19. Qe1 Qxf4 20. Nc3 Qxg4 21. Qh4 Qxh4 22. Nxh4 c4+ 23. Kh1 Bd4 24. Bxc4 Bxc3 25. Bxf7+ Kh8 26. Bxe8 Rxe8 27. Rac1 Bb4 28. Rf7 Nd4 29. Rxb7 Ne2 30. Rd1 a5 31. Rdd7 Nf4 32. Nf5 Nh5 33. g4 Re1+ 34. Kg2 Nf4+ 35. Kf3 Rf1+ 36. Ke4 Ne6 37. Rb8+ Bf8 38. Kd5 Re1 39. Nd4 Nf4+ 40. Kc6 Kg8 41. Rdd8 Ng6 42. Nf5 Kf7 43. Rb7+ Kf6 44. Rb5 Bb4 45. a3 Bxa3 46. Rxa5 Bb4 47. Ra6 Re6+ 48. Kb5 Rxa6 49. Kxa6 Ne5 50. Ne3 Bc5 51. Nd5+ Kg5 52. b4 Nc6 53. Rg8 Nxb4+ 54. Nxb4 Bxb4 55. Rxg7+ Kh4 56. Kb5 Bd2 57. Rxh7+ 1/2-1/2

[Event "AUT-ch U16"]
[Site "Woerth"]
[Date "2014.04.17"]
[Round "7"]
[White "Bachlechner, Julian"]
[Black "Hofer, Emilian"]
[Result "0-1"]
[WhiteElo "1703"]
[BlackElo "2036"]
[PlyCount "76"]
[EventDate "2014.04.13"]
[EventType "swiss"]
[EventRounds "7"]
[EventCountry "AUT"]
[SourceTitle "EXT 2015"]
[Source "ChessBase"]
[SourceDate "2014.11.20"]
[SourceVersion "1"]
[SourceVersionDate "2014.11.20"]
[SourceQuality "1"]

1. d4 d5 2. c4 c6 3. Nf3 Nf6 4. e3 Bf5 5. cxd5 cxd5 6. Nc3 Nc6 7. Bb5 a6 8. Bxc6+ bxc6 9. Ne5 Rc8 10. 0-0 Nd7 11. Nxd7 Qxd7 12. Na4 Qa7 13. b4 e6 14. a3 Bd6 15. Nc5 0-0 16. Bd2 e5 17. g4 Bg6 18. f4 exf4 19. exf4 Bxc5 20. bxc5 Be4 21. f5 Qd7 22. Bf4 Ra8 23. Ra2 Qb7 24. f6 Rfe8 25. Be5 Ra7 26. Qd2 Qb3 27. fxg7 Rb7 28. Qf2 Bg6 29. h4 Be4 30. g5 Qc3 31. Qd2 Qh3 32. Qh2 Qg4+ 33. Qg3 Qh5 34. Raf2 a5 35. Bc7 Rxc7 36. g6 Qxg6 37. Qxg6 hxg6 38. h5 Kxg7 0-1

[Event "Vienna Husek op-B"]
[Site "Vienna"]
[Date "2012.08.18"]
[Round "6"]
[White "Kataev, Vladimir"]
[Black "Bachlechner, Julian"]
[Result "1/2-1/2"]
[WhiteElo "1585"]
[BlackElo "1626"]
[PlyCount "32"]
[EventDate "2012.08.13"]
[EventType "swiss"]
[EventRounds "7"]
[EventCountry "AUT"]
[SourceTitle "EXT 2014"]
[Source "ChessBase"]
[SourceDate "2013.11.20"]
[SourceVersion "1"]
[SourceVersionDate "2013.11.20"]
[SourceQuality "1"]

1. Nf3 d5 2. c4 e6 3. b3 Nf6 4. Bb2 c5 5. e3 Nc6 6. d4 cxd4 7. Nxd4 Bc5 8. a3 0-0 9. Be2 Re8 10. 0-0 e5 11. Nc2 a5 12. cxd5 Qxd5 13. Bc4 Qxd1 14. Rxd1 Bf5 15. Ne1 Rad8 16. Nc3 e4 1/2-1/2

[Event "Vienna Husek op-B"]
[Site "Vienna"]
[Date "2012.08.16"]
[Round "4"]
[White "Schuetz, Christian"]
[Black "Bachlechner, Julian"]
[Result "1-0"]
[WhiteElo "1966"]
[BlackElo "1626"]
[PlyCount "99"]
[EventDate "2012.08.13"]
[EventType "swiss"]
[EventRounds "7"]
[EventCountry "AUT"]
[SourceTitle "EXT 2014"]
[Source "ChessBase"]
[SourceDate "2013.11.20"]
[SourceVersion "1"]
[SourceVersionDate "2013.11.20"]
[SourceQuality "1"]

1. Nf3 Nf6 2. d4 e6 3. g3 b6 4. Bg2 Bb7 5. c4 Be7 6. Nc3 0-0 7. 0-0 d5 8. Ne5 c6 9. Bf4 dxc4 10. Qc2 Nd5 11. Nxc4 Nxf4 12. gxf4 Qxd4 13. Ne4 Qd7 14. Rfd1 Qc7 15. Ncd6 Rd8 16. Nxb7 Rxd1+ 17. Rxd1 Qxb7 18. Qd3 Qc7 19. Ng5 Bxg5 20. fxg5 Qe7 21. Qd8+ Qf8 22. Qxf8+ Kxf8 23. Rd8+ Ke7 24. Rg8 Kd6 25. Rxg7 Nd7 26. Rxf7 Rg8 27. h4 Rh8 28. f4 a5 29. h5 b5 30. Be4 e5 31. Rxh7 Rg8 32. fxe5+ Kxe5 33. Rxd7 Kxe4 34. g6 Kf5 35. Rd6 Kg5 36. Rxc6 Kxh5 37. Rc5+ Kxg6 38. Rxb5 Kf6+ 39. Kf2 Ra8 40. a4 Ke6 41. e4 Ra6 42. Ke3 Ke7 43. e5 Kd7 44. Kd4 Kc6 45. Rc5+ Kd7 46. Kd5 Ke7 47. Rc7+ Kd8 48. Rb7 Kc8 49. Rf7 Kd8 50. Rf6 1-0

[Event "AUT-ch U14"]
[Site "Altenmark"]
[Date "2011.06.11"]
[Round "2"]
[White "Bachlechner, Julian"]
[Black "Windhager, Hannes"]
[Result "0-1"]
[WhiteElo "1399"]
[BlackElo "1648"]
[PlyCount "36"]
[EventDate "2011.06.11"]
[EventType "swiss"]
[EventRounds "7"]
[EventCountry "AUT"]
[SourceTitle "EXT 2013"]
[Source "ChessBase"]
[SourceDate "2012.11.22"]
[SourceVersion "1"]
[SourceVersionDate "2012.11.22"]
[SourceQuality "1"]

1. e4 e6 2. d4 d5 3. exd5 exd5 4. c4 Nf6 5. Nf3 Bg4 6. Nc3 Bb4 7. Bd2 Qe7+ 8. Be3 Nc6 9. h3 Bxf3 10. gxf3 dxc4 11. Bxc4 0-0-0 12. Be2 Nd5 13. Qd3 Rhe8 14. Kd2 Kb8 15. Rhe1 Nf4 16. Qc4 Ng2 17. Bf1 Nxe1 18. Rxe1 Nxd4 0-1